Loading...

Manipur tribal scene /

Bibliographic Details
Main Author: Das, Rajat Kanti
Format: Printed Book
Language:English
Published: New Delhi : Inter-India Publications, 1985, c1984.
Series:Tribal studies of India series ;
Subjects:
LEADER 00605 a2200169 4500
008 150103s9999 000 0 eng
082 0 0 |a 305.8  
100 1 |a Das, Rajat Kanti. 
245 1 0 |a Manipur tribal scene / 
260 |a New Delhi :  |b Inter-India Publications,  |c 1985, c1984. 
300 |a viii, 106 p., [8] p. of plates : 
440 0 |a Tribal studies of India series ; 
500 |a Includes index. 
650 0 |a Ethnology 
942 |c BK 
999 |c 302640  |d 302640 
952 |0 0  |1 0  |2 ddc  |4 0  |6 305_800000000000000_DAS_MA  |7 0  |9 346152  |a DRA  |b DRA  |c ST1  |d 2010-11-08  |i 4738  |l 0  |o 305.8 DAS/MA  |p DRA4738  |r 2019-01-03  |w 2019-01-03  |y BK